English dictionary english-greek, greek-english

Bibliographic Details
Other Authors: Magazis, George A. (Editor)
Format: Book
Language:English
Greek, Modern (1453- )
PhysicalDescription:863 s. 18 cm
Published: Athens Efstathiadis Group 1991
ISBN:9602260173
Edition:3rd impres.
Subjects:

MARC

LEADER 00000cam a2200000 a 4500
001 vtls001137827
003 SK-MaSNL
005 20260426001314.0
008 250414s1991 gr grd 00000 eng
020 |a 9602260173  |q (viaz.) 
035 |a SNK000080680 
040 |a SNK  |b slo  |c SNK  |e AACR2 
041 0 |a eng  |a gre 
044 |a gr  |c GR 
072 7 |a 811.111  |x Angličtina  |2 konspekt 
072 7 |a 811.14  |x Gréčtina  |2 konspekt 
072 7 |a 81  |x Lingvistika. Jazyky  |2 konspekt 
080 |a 801.323.2=20=75  |2 1981 
080 |a 801.323.2=75=20  |2 1981 
080 |a 811.111  |2 2011 
080 |a 811.14  |2 2001 
080 |a (038)81  |2 2011 
245 0 0 |a English dictionary  |b english-greek, greek-english  |c edit. by George A. Magazis 
250 |a 3rd impres. 
260 |a Athens  |b Efstathiadis Group  |c 1991 
300 |a 863 s.  |c 18 cm 
546 |a Súbežný text v gréčtine 
650 0 7 |a angličtina  |2 SNKPH  |9 1260 
650 0 7 |a gréčtina  |2 SNKPH  |9 67753 
655 7 |a jazykové slovníky  |2 SNKPH  |9 70525 
700 1 |a Magazis, George A.  |4 edt  |9 574471 
852 |a Slovenská národná knižnica 
919 |a 960 226 017 3 
954 |a odborná, vedecká literatúra cudzojazyčná (svetová)  |2 lita 
958 |a OND 
958 |a RK 
958 |a TL 
999 |c 881034  |d 882964 
952 |t snkMAG 802.0(038)  |a SNKUST  |b SNKUST  |y PREZ  |7 0  |p 17A0201041  |o snkID 93879  |i snkZK 2433/92  |0 0  |1 0  |4 0  |d 1999-09-07  |l 0  |r 2025-04-28 00:00:00  |w 2026-02-24